Praktický marketing : Practical /

Salvato in:
Dettagli Bibliografici
Autore principale: James, Hilary A (Autore)
Altri autori: Kadečka, Slavoš (Traduttore)
Natura: Libro
Lingua:ceco
Pubblicazione: Praha : Tippa, 1991
Edizione:1.vyd.
Soggetti:
Accesso online:OBSAH
Tags: Aggiungi Tag
Nessun Tag, puoi essere il primo ad aggiungerne!!

MARC

LEADER 00000nam a22000003a 4500
001 stu37311
005 20150617225728.5
008 920708s1991----cs------------------cze-d
020 |a 80-900370-7-0 
040 |a STU  |b slo 
041 0 |a cze 
044 |a cs 
080 |a 658.8 
100 1 |a James, Hilary A  |4 aut 
245 1 |a Praktický marketing :  |b Practical /  |c [aut.]Hilary A. James; Z angl. Slavoš Kadečka 
250 |a 1.vyd. 
260 |a Praha :  |b Tippa,  |c 1991 
300 |a 119 s 
650 7 |a marketing  |2 estusub 
700 1 |a Kadečka, Slavoš  |4 trl 
856 4 |a https://sweb.mtf.stuba.sk/obsahy/prakticky_marketing_91.pdf  |u https://sweb.mtf.stuba.sk/obsahy/prakticky_marketing_91.pdf  |3 OBSAH 
996 |b 284M038578  |c M*7936-1  |l MMKN  |s A  |a 24  |w stu37311_0001 
996 |b 284M021368  |c M*7936-2  |l MMKN  |s A  |a 24  |w stu37311_0002